000 00407nam a2200181Ia 4500
005 20250603145232.0
008 250603s9999 xx 000 0 und d
020 _a9780308350
050 _aPR 9387.9 .S69 .K66/
100 _aSoyinka, Wole
245 0 _aKongi's harvest
260 _aIbadan
260 _bUniversity press ltd
260 _c2004
300 _a90 p
650 _aIbadan
942 _cBK
999 _c41270
_d41270